| 000 | 00699nam a2200193 i 4500 | ||
|---|---|---|---|
| 001 | 85945 | ||
| 003 | ES-MaACL | ||
| 005 | 20230906175337.0 | ||
| 007 | t| | ||
| 008 | 041203s1984 sp ||||1| spa d | ||
| 100 | 1 |
_aKeller, Arthur M. _967760 |
|
| 245 | 1 | 0 |
_aProgramación en Pascal / _cArthur M. Keller ; traducción, Gonzalo León Serrano, José María Vela Bermúdez ; revisión tecnica, Antonio Vaquero Sánchez. |
| 260 |
_aMadrid : _bMcGraw-Hill, _c[1984] |
||
| 300 |
_aXIII, 304 p. : _bil. ; _c28 cm. |
||
| 700 | 1 |
_aLeón Serrano, Gonzalo. _971643 |
|
| 700 | 1 |
_aVela Bermúdez, José María. _9113682 |
|
| 700 | 1 |
_aVaquero Sánchez, Antonio. _9113103 |
|
| 852 |
_aES-MaACL _jL-6334 _bR.107143 |
||
| 999 |
_c85945 _d85945 |
||